000 00471nam a2200193Ia 4500
005 20240823061534.0
008 240823s9999||||xx |||||||||||||| ||und||
041 _aENGLISH
082 _A004.22 Q3
100 _aVenkatesan M
245 0 _aComputer Architecture
250 _a1st
260 _c2013
_bAR Publica
_aNagapattanam
500 _aYES
650 _aComputer Architecture
_bComputer Science
700 _aMeenakshi Devi P
942 _cBK
999 _c233770
_d233770